El español en las empresas en Eslovaquia bakalárska práca

Saved in:
Bibliographic Details
Main Author: Golhová, Sára
Corporate Author: Fakulta aplikovaných jazykov EU v Bratislave. Katedra románskych a slovanských jazykov
Other Authors: Spišiaková, Mária, 1973-
Format: Book
Language:Spanish
Published: Bratislava 2024
Tags: Add Tag
No Tags, Be the first to tag this record!

MARC

LEADER 00000nbm a2200000 4500
001 0300584
005 20250327132501.1
041 0 |a spa 
044 |a SK 
245 1 0 |a El español en las empresas en Eslovaquia  |b bakalárska práca  |c Sára Golhová ; školiteľ: Mária Spišiaková 
264 1 |a Bratislava  |c 2024 
300 |a 44 s. 
100 1 |a Golhová, Sára 
700 1 |a Spišiaková, Mária, 1973- 
710 2 |a Fakulta aplikovaných jazykov EU v Bratislave. Katedra románskych a slovanských jazykov